书目信息 |
| 题名: |
Internet 网络信息资源检索
|
|
| 作者: | 叶青 , 方倪 , 郭璐 主编 | |
| 分册: | ||
| 出版信息: | 哈尔滨 东北林业大学出版社 2016 |
|
| 页数: | 215页 | |
| 开本: | 26cm | |
| 丛书名: | ||
| 单 册: | ||
| 中图分类: | G254.928 | |
| 科图分类: | ||
| 主题词: | 网络检索--wang luo jian suo | |
| 电子资源: | ||
| ISBN: | 978-7-5674-0814-2 | |
| 000 | 01063nam0 2200289 450 | |
| 001 | 012017000088 | |
| 005 | 20180111090407.03 | |
| 010 | @a978-7-5674-0814-2@b@dCNY65.00 | |
| 100 | @a20160827d2016 em y0chiy0121 ea | |
| 101 | 0 | @achi@aeng |
| 102 | @aCN@b230000 | |
| 105 | @aak a 000yy | |
| 106 | @ar | |
| 200 | 1 | @aInternet 网络信息资源检索@AInternet wang luo xin xi zi yuan jian suo@f叶青, 方倪, 郭璐主编@Fye qing,fang ni,guo lu zhu bian@g |
| 205 | @a第2版 | |
| 210 | @a哈尔滨@c东北林业大学出版社@d2016 | |
| 215 | @a215页@c图@d26cm | |
| 320 | @a有书目 (第215页) | |
| 330 | @a本书侧重介绍了数字资源类型、数据库组成原理、各类信息的实际应用、国内范围及检索技巧。包括科技信息检索基础知识, 网络信息资源的类型及应用, 网络报刊、图书、特种文献数据资源检索, 外文数据库, 国际联机检索等。 | |
| 606 | 0 | @a网络检索@Awang luo jian suo |
| 690 | @aG254.928@v5 | |
| 701 | 0 | @a叶青@Aye qing@4主编 |
| 701 | 0 | @a方倪@Afang ni@4主编 |
| 701 | 0 | @a郭璐@Aguo lu@4主编 |
| 801 | 0 | @aCN@b湖北三新@c20161010@g |
| 905 | @aBZT@dG254.928@e3=2 | |
| 906 | @dCNY65.00@n5@r1 | |
| Internet 网络信息资源检索/叶青, 方倪, 郭璐主编.-第2版.-哈尔滨:东北林业大学出版社,2016 |
| 215页:图;26cm |
| ISBN 978-7-5674-0814-2:CNY65.00 |
| 本书侧重介绍了数字资源类型、数据库组成原理、各类信息的实际应用、国内范围及检索技巧。包括科技信息检索基础知识, 网络信息资源的类型及应用, 网络报刊、图书、特种文献数据资源检索, 外文数据库, 国际联机检索等。 |
| ● |
| 相关链接 |
|
|
|
正题名:Internet 网络信息资源检索
索取号:G254.928/3=2
 
预约/预借
| 序号 | 登录号 | 条形码 | 馆藏地/架位号 | 状态 | 备注 |
| 1 | 844870 | 2000844870 | 第二书库/ [索取号:G254.928/3=2] | 在馆 | |
| 2 | 844871 | 2000844871 | 第二书库/ [索取号:G254.928/3=2] | 在馆 | |
| 3 | 844872 | 2000844872 | 第二书库/ [索取号:G254.928/3=2] | 在馆 | |
| 4 | 844873 | 2000844873 | 第二书库/ [索取号:G254.928/3=2] | 在馆 | |
| 5 | 844874 | 2000844874 | 第二书库/ [索取号:G254.928/3=2] | 在馆 |